000 00556nam a22001817a 4500
003 OSt
005 20240627054325.0
008 240627b |||||||| |||| 00| 0 eng d
020 _a9789386355768
040 _aDWC- Main Lib
_cOC
082 _aCirc. 332.1702 P294b 2018
245 _aBanking with technology.
260 _aNew Delhi, India :
_bRandom Publication,
_cc2018.
300 _avii , 272 pages :
_billustrations ;
_c23cm.
650 _a1. Banks and banking–Technological innovations
650 _a2. Internet banking.
942 _2ddc
_cBK-CIRC
_n1
999 _c1483
_d1483